| 000 | 00657nam a22001457a 4500 | ||
|---|---|---|---|
| 999 |
_c121705 _d121705 |
||
| 005 | 20210318112020.0 | ||
| 008 | 210318b ||||| |||| 00| 0 eng d | ||
| 040 | _cPK-LaUMT | ||
| 082 |
_aRHC 297.72082 _bMAR-A |
||
| 100 | _aMaryam Syed Hindawi = مریم السید ہنداوی | ||
| 245 |
_aAsar hazir ki mujahid khawateen = عصر حاضر کی مجاہد خواتین : _bمصر میں اخوان المسلمون سے وابستہ رہنما خواتین/ _cby Maryam Syed Hindawi = مریم السید ہنداوی ؛ ترجمہ محمد ظہیر الدین بھٹی |
||
| 260 |
_aLahore : _bManshoraat, _c2012 |
||
| 300 | _a232 p. | ||
| 942 | _cBK | ||